00500nam a22001337a 4500003000500000038001800005082000800023100001800031245015600049264003300205650003700238700003300275856005800308NUST aNusrat Nadeem a200 aKhan, Khushal aExamining the Effect of Universal Health Insurance on Household Expenditure: The Case of Sehat Sahulat Card Program in the KP Province/cKhushal Khan,  aIslamabad:bS3H NUST.c2025. aMS-Government and Public Policy  aSupervisor: Dr. Inayat Ullah u http://10.250.8.41:8080/xmlui/handle/123456789/54901